| 000 | 00534nam a2200181Ia 4500 | ||
|---|---|---|---|
| 005 | 20250508155204.0 | ||
| 008 | 008 250505s9999 xx 000 0 hin d | ||
| 037 | _aBooks to be hide in OPAC | ||
| 040 |
_aFEDL _beng _cFEDL |
||
| 041 |
_ahin _2eng |
||
| 084 |
_a371.5, RAJ/O _qFEDL |
||
| 245 | 0 | _aAupshabda se bachav | |
| 260 |
_aRajasthan, India _bPrathamik Sala Shikshak Prasar Seva Kendra |
||
| 300 | _a12p. | ||
| 546 | _aShiksha prashar prakashan mala | ||
| 942 |
_cHB _h371.5, RAJ/O |
||
| 999 |
_c1355037 _d1355037 |
||